Normal view
MARC view
- Plu Jenvrin, Raphaële
Entry Nombre Personal
001 - NUMERO DE CONTROL
- campo de control: 50648
003 - IDENTIFICADOR DE NUMERO DE CONTROL
- campo de control: UPN
005 - FECHA Y HORA DE LA ÜLTIMA TRANSACCIÓN
- campo de control: 20240305101302.0
008 - DATOS DE LONGITUD FIJA
- campo de control de longitud fija: 231116|| acz||aabn | a|a d
040 ## - FUENTE DE CATALOGACIÓN
- Agencia original de catalogación: MX-MxUPN
100 1# - ENCABEZAMIENTO - NOMBRE PERSONAL
- Nombre personal: Plu Jenvrin, Raphaële
370 ## - LUGAR ASOCIADO
- Place of birth: Francia
372 ## - CAMPO DE ACTIVIDAD
- Field of activity: Ciencias sociales, historia
373 ## - GRUPO ASOCIADO
- Associated group: Université Paris III-Sorbonne Nouvelle
670 ## - FUENTE EN LA QUE SE LOCALIZARON DATOS
- Cita de la fuente: En recurso en línea: Histoire(s) de l'amérique latine. Vol. 1 (2005):
- Información localizada: página 1 (Raphaële Plu Jenvrin)
- Uniform Resource Identifier: https://hisal.org/revue/article/view/2005-10/29
902 ## - CATALOGADOR
- Catalogador: RGJD/161123
